Demografický prechod v rozvojových štátoch diplomová práca

Saved in:
Bibliographic Details
Main Author: Múčková, Nikola
Corporate Author: Fakulta medzinárodných vzťahov EU. Katedra medzinárodných ekonomických vzťahov a hospodárskej diplomacie
Other Authors: Grešš, Martin, 1978-
Format: Book
Language:Slovak
Published: Bratislava 2018
Tags: Add Tag
No Tags, Be the first to tag this record!

MARC

LEADER 00000nbm a2200000 4500
001 0244501
005 20180808082704.5
041 0 |a slo 
044 |a SK 
245 1 0 |a Demografický prechod v rozvojových štátoch  |b diplomová práca  |c Nikola Múčková ; školiteľ: Martin Grešš 
264 1 |a Bratislava  |c 2018 
300 |a 86 s. 
100 1 |a Múčková, Nikola 
700 1 |a Grešš, Martin, 1978- 
710 2 |a Fakulta medzinárodných vzťahov EU. Katedra medzinárodných ekonomických vzťahov a hospodárskej diplomacie